All Lil Uzi Vert Songs - Statistics

General Stats
  • This quiz has been taken 64 times
  • The average score is 64 of 148
Answer Stats
Hint Answer % Correct
X
93%
ft. Oh wonder The way life goes
89%
20 min
85%
ft. Pharrell williams Neon Guts
85%
Money longer
78%
XO TOUR Llif3
78%
ft. Babymetal The end
74%
ft. Nicki Minaj Endless fashion
70%
Erase your social
70%
ft. 21 Savage Yessirskiii
70%
ft. Chief Keef Bean (Kobe)
67%
7AM
63%
Baby Pluto
63%
Homecoming
63%
444+222
59%
ft. Travis Scott Aye
59%
single Chanel boy
59%
Pink Tape> Flooded the face
59%
Of course
59%
Ps & Qs
59%
single Relevant
59%
Sauce it up
59%
Dark queen
56%
Futsal Shuffle 2020
56%
Lo mein
56%
Eternal Atake> Myron
56%
ft. Playboi Carti & Offset Of course we ghetto flowers
56%
Paradise
56%
That way
56%
Luv is Rage 2> Two
56%
ft. The Weeknd UnFazed
56%
single What you saying
56%
Chill bae
52%
Crush em
52%
Just wanna rock
52%
single Regular
52%
single Sanguine paradise
52%
Suicide doors
52%
Trap this way (this way)
52%
ft. Syd Urgency
52%
ft. Bring me the horizon Werewolf
52%
x2
52%
ft. Young Thug Yamborghini dream
52%
You was right
52%
The Perfect LUV Tape> Do what I want
48%
ft. Snow strippers Fire alarm
48%
Malfunction
48%
P2
48%
Silly watch
48%
ft. Future Wassup
48%
Zoom
48%
Amped
44%
Ballin
44%
Banned from tv
44%
Lil Uzi Vert Vs. The World> Canadian goose
44%
Come this way
44%
For fun
44%
ft. NAV Leaders
44%
Light Year (practice)
44%
Lotus
44%
ft. Young nudy Money spread
44%
Nakamura
44%
ft. Don Toliver Patience
44%
Pluto to mars
44%
Scott and Ramona
44%
ft. Future Seven Million
44%
Shardai
44%
Top
44%
Bust me
41%
CS
41%
I can show you
41%
I gotta
41%
Money mitch
41%
ft. Lil Durk No auto
41%
POP
41%
Right now
41%
Ronda (Winners)
41%
Red & White> Space cadet
41%
ft. Young Thug & Gunna Strawberry Peels
41%
single That's a rack
41%
Venetia
41%
You're lost
41%
Baby are you home
37%
Belly
37%
Chips and dip
37%
Chrome heart tags
37%
Died and came back
37%
For real
37%
ft. Young thug Got the guap
37%
How to talk
37%
I can drive
37%
I'm sorry
37%
No sleep leak
37%
Original Uzi (4 of us)
37%
Prices
37%
Luv Is Rage> Safe house
37%
single Sasuke
37%
SideLine Watching (Hold up)
37%
That fiya
37%
You better move
37%
All alone
33%
Celebration station
33%
Cigarette
33%
Enemies
33%
Final fantasy
33%
Goddard song
33%
Grab the wheel
33%
Hi roller
33%
Issa hit
33%
Loaded
33%
Meteor man
33%
Pretty Mami
33%
single Red moon
33%
Space high
33%
Spin again
33%
Super saiyan
33%
Team rocket
33%
ft. Big time rush The rush
33%
Eternal Atake 2> We good
33%
All my chains
30%
Hittin my shoulder
30%
Mama, I'm sorry
30%
Moon relate
30%
single NFL
30%
PerkySex
30%
She stank
30%
Bigger Than life
26%
Conceited
26%
single; ft. Uzi Gang Count dem rolls
26%
Diamonds all on my wrist
26%
Early 20 rager
26%
Flex up
26%
Glock in my purse
26%
Lyft Em up
26%
Mr Chow
26%
Paars in the mars
26%
Secure the bag
26%
Skir skirr
26%
Days come and go
22%
Feelings mutual
22%
I know
22%
single; w/ XXXTENTACION I'm not human
22%
Not an option
22%
Rehab
22%
Black hole
19%
Believe me
15%
single Demon high
15%
single Blood moon
11%
No matching quizzes found
Score Distribution
Percent of People with Each Score
Percentile by Number Answered
Your Score History
You have not taken this quiz